Role of industries in promotion of vocational education among rural women : (Record no. 19420)

MARC details
000 -LEADER
fixed length control field 00602nam a2200169Ia 4500
082 ## - DEWEY DECIMAL CLASSIFICATION NUMBER
Classification number RB.0142
100 ## - MAIN ENTRY--AUTHOR NAME
Personal name Bhatnagar, K.M.
245 #0 - TITLE STATEMENT
Title Role of industries in promotion of vocational education among rural women :
Sub Title A feasibility study in the state of Haryana
260 ## - PUBLICATION, DISTRIBUTION, ETC. (IMPRINT)
Year of publication 1986
Name of publisher ICSSR, New Delhi
300 ## - PHYSICAL DESCRIPTION
Number of Pages 50
650 ## - SUBJECT ADDED ENTRY--TOPICAL TERM
Topical Term WOMEN - VOCATIONAL EDUCATION - HARYANA - KARNAL
650 ## - SUBJECT ADDED ENTRY--TOPICAL TERM
Topical Term KARNAL - INDUSTRIES
650 ## - SUBJECT ADDED ENTRY--TOPICAL TERM
Topical Term RURAL WOMEN - EMPLOYMENT
650 ## - SUBJECT ADDED ENTRY--TOPICAL TERM
Topical Term VOCATIONAL GUIDANCE FOR WOMEN - HARYANA - KARNAL
710 ## - ADDED ENTRY--CORPORATE NAME
Corporate name or jurisdiction name as entry element Institute of Peace Research and Action, New Delhi
942 ## - ADDED ENTRY ELEMENTS (KOHA)
Koha item type Research Reports
Source of classification or shelving scheme Dewey Decimal Classification
Holdings
Withdrawn status Lost status Damaged status Not for loan Collection code Home library Current library Date acquired Bill Date Full call number Accession Number Price effective from Koha item type
      Not For Loan Minor Research project Reports NASSDOC Library NASSDOC Library 08/10/2004 2008-12-30 RB.0142 31719 18/04/2019 Research Reports